[Event "GER-chT U16"]
[Site "Magdeburg"]
[Date "2023.12.29"]
[Round "6.9"]
[White "Ammann, Samuel"]
[Black "Borghini, Antoine"]
[Result "1/2-1/2"]
[WhiteElo "1502"]
[BlackElo "1709"]
[PlyCount "146"]
[EventDate "2023.12.26"]
[EventType "team-swiss"]
[EventRounds "7"]
[EventCountry "GER"]
[SourceTitle "CB03_2024"]
[SourceDate "2024.01.17"]
[SourceVersion "1"]
[SourceVersionDate "2024.01.17"]
[SourceQuality "1"]
[WhiteTeam "Regensburg Bavaria"]
[BlackTeam "Bielefeld"]
[WhiteTeamCountry "GER"]
[BlackTeamCountry "GER"]

1. d4 e6 2. c4 Bb4+ 3. Bd2 Qe7 4. Nf3 Nf6 5. e3 0-0 6. Bd3 Bxd2+ 7. Qxd2 d5 8. cxd5 exd5 9. Nc3 c6 10. 0-0 Ne4 11. Qc2 Bf5 12. Ne5 f6 13. Nf3 Nd7 14. Nh4 Bg6 15. Nxg6 hxg6 16. Nxe4 dxe4 17. Bxe4 f5 18. Bd3 Nf6 19. Qb3+ Kh7 20. Rac1 Ne4 21. Bxe4 Qxe4 22. Qxb7 Rfb8 23. Qxc6 Qxc6 24. Rxc6 Rxb2 25. Ra6 Kh6 26. Rd1 Rc8 27. Rxa7 Rcc2 28. Rf1 Rxa2 29. Rxa2 Rxa2 30. Rd1 Kg5 31. g3 Kf6 32. d5 Ke7 33. d6+ Kd7 34. Kg2 Rb2 35. Rd5 Ra2 36. Kf3 Rb2 37. h3 Ra2 38. g4 Ra7 39. Kf4 Ra4+ 40. Rd4 Ra2 41. f3 Rh2 42. Kg3 Re2 43. e4 fxe4 44. fxe4 Re3+ 45. Kg2 g5 46. Rd5 Rxe4 47. Rxg5 Kxd6 48. Rxg7 Ke6 49. Kg3 Kf6 50. Rg8 Kf7 51. Ra8 Rb4 52. Kh4 Kg6 53. Ra6+ Kg7 54. Kh5 Rb7 55. h4 Kh7 56. g5 Kg7 57. Ra4 Rc7 58. Kg4 Rc1 59. h5 Rg1+ 60. Kf5 Rf1+ 61. Rf4 Ra1 62. h6+ Kh7 63. Re4 Rf1+ 64. Kg4 Rg1+ 65. Kh5 Rh1+ 66. Rh4 Rg1 67. Rh3 Rg2 68. Kh4 Rg1 69. Rg3 Rh1+ 70. Kg4 Kg6 71. Rf3 Rg1+ 72. Kf4 Rxg5 73. h7 Rh5 1/2-1/2

[Event "FICGS rapid A 000295 email"]
[Site "FICGS email"]
[Date "2023.06.14"]
[Round "1"]
[White "Dialfonso, Darren"]
[Black "Borghini, Antoine"]
[Result "1/2-1/2"]
[WhiteElo "2229"]
[BlackElo "1993"]
[PlyCount "107"]
[EventDate "2023.??.??"]
[EventType "tourn (rapid)"]
[EventRounds "6"]
[SourceTitle "Corr 2024"]
[Source "ChessBase"]
[SourceDate "2023.10.19"]
[SourceVersion "1"]
[SourceVersionDate "2023.10.19"]
[SourceQuality "1"]

1. d4 Nf6 2. c4 e6 3. Nf3 Bb4+ 4. Nbd2 0-0 5. a3 Bxd2+ 6. Bxd2 b6 7. Bg5 Bb7 8. e3 c5 9. Be2 d6 10. 0-0 h6 11. Bh4 g5 12. Bg3 Ne4 13. b4 Nd7 14. Qd3 Qe7 15. Nd2 Ndf6 16. h3 Nxd2 17. Qxd2 Ne4 18. Qc2 Nxg3 19. fxg3 f5 20. Kh2 cxd4 21. exd4 Rac8 22. Bd3 Qg7 23. Rae1 Rf6 24. Be2 Be4 25. Bd3 d5 26. c5 Rff8 27. Qc3 bxc5 28. bxc5 Kh7 29. Rc1 h5 30. Kh1 Qc7 31. Bc2 Kg6 32. a4 Rb8 33. Qe3 Rfc8 34. Qa3 Qc6 35. Qc3 Rb7 36. Kg1 Qc7 37. Qe3 Qe7 38. a5 Rb5 39. Rf2 Rxa5 40. Rcf1 Qb7 41. g4 hxg4 42. hxg4 f4 43. Qh3 Qh7 44. Qb3 Bxc2 45. Qxc2+ Kg7 46. Qe2 Rh8 47. Qe5+ Kf7 48. Rxf4+ gxf4 49. Qxf4+ Ke8 50. Qb8+ Ke7 51. Qc7+ Ke8 52. Qb8+ Ke7 53. Qc7+ Ke8 54. Qb8+ 1/2-1/2

[Event "FICGS rapid A 000295 email"]
[Site "FICGS email"]
[Date "2023.06.14"]
[Round "1"]
[White "Faust, Dieter"]
[Black "Borghini, Antoine"]
[Result "1/2-1/2"]
[WhiteElo "2021"]
[BlackElo "1993"]
[PlyCount "66"]
[EventDate "2023.??.??"]
[EventType "tourn (rapid)"]
[EventRounds "6"]
[SourceTitle "Corr 2024"]
[Source "ChessBase"]
[SourceDate "2023.10.19"]
[SourceVersion "1"]
[SourceVersionDate "2023.10.19"]
[SourceQuality "1"]

1. e4 e6 2. d4 d5 3. Nc3 Bb4 4. a3 Bxc3+ 5. bxc3 dxe4 6. Qg4 Nf6 7. Qxg7 Rg8 8. Qh6 c5 9. Ne2 cxd4 10. cxd4 Nc6 11. Bb2 Bd7 12. Rd1 Qa5+ 13. c3 Nd5 14. Qxh7 0-0-0 15. Qxe4 Rge8 16. f4 Nce7 17. Kf2 Nf5 18. Ng3 Nde3 19. Re1 Ng4+ 20. Kg1 Bc6 21. Qb1 Nge3 22. Nxf5 exf5 23. h4 Qb6 24. Rh2 Nxf1 25. Rxf1 Re2 26. Rf2 Rde8 27. Qxf5+ Kb8 28. Rxe2 Rxe2 29. g3 Re1+ 30. Kf2 Qxb2+ 31. Kxe1 Qxh2 32. Qe5+ Kc8 33. Qf5+ Kc7 1/2-1/2

[Event "GER-chT Christmas U16 Lasker"]
[Site "Playchess.com INT"]
[Date "2020.12.28"]
[Round "1.3"]
[White "Borghini, Antoine"]
[Black "Gluma, Christian"]
[Result "0-1"]
[WhiteElo "1384"]
[BlackElo "1864"]
[PlyCount "40"]
[EventDate "2020.12.28"]
[EventType "team-swiss (blitz)"]
[EventRounds "7"]
[EventCountry "GER"]
[SourceTitle "CBM 200 Extra"]
[Source "ChessBase"]
[SourceDate "2021.03.31"]
[SourceVersion "1"]
[SourceVersionDate "2021.03.31"]
[SourceQuality "1"]
[WhiteTeam "Bielefeld"]
[BlackTeam "Bochum SG"]
[WhiteTeamCountry "GER"]
[BlackTeamCountry "GER"]

1. d4 g6 2. e4 Bg7 3. Nf3 c6 4. Bc4 d5 5. e5 dxc4 6. Qe2 Be6 7. Nc3 Nh6 8. 0-0 0-0 9. Be3 Nf5 10. Rad1 b5 11. h3 Nd7 12. Rfe1 Nb6 13. a3 Nd5 14. Nxd5 Bxd5 15. c3 e6 16. Bf4 a5 17. Bg5 Qb6 18. Nd2 Rfe8 19. Qe3 b4 20. Qe2 Rab8 0-1

[Event "GER-chT Christmas U16 Lasker"]
[Site "Playchess.com INT"]
[Date "2020.12.28"]
[Round "4.3"]
[White "Mukovskiy, Peter"]
[Black "Borghini, Antoine"]
[Result "1-0"]
[WhiteElo "1721"]
[BlackElo "1384"]
[PlyCount "123"]
[EventDate "2020.12.28"]
[EventType "team-swiss (blitz)"]
[EventRounds "7"]
[EventCountry "GER"]
[SourceTitle "CBM 200 Extra"]
[Source "ChessBase"]
[SourceDate "2021.03.31"]
[SourceVersion "1"]
[SourceVersionDate "2021.03.31"]
[SourceQuality "1"]
[WhiteTeam "Duesseldorf"]
[BlackTeam "Bielefeld"]
[WhiteTeamCountry "GER"]
[BlackTeamCountry "GER"]

1. d4 e6 2. c4 Nf6 3. Nc3 Bb4 4. Qc2 0-0 5. e4 h6 6. Nf3 d6 7. Bd2 c5 8. a3 Bxc3 9. Bxc3 cxd4 10. Nxd4 e5 11. Nf5 Nc6 12. Bd3 Qc7 13. 0-0 Bxf5 14. exf5 Rfe8 15. Rfe1 b6 16. b4 Ne7 17. Qe2 Qd7 18. Qf3 Rac8 19. Rad1 b5 20. c5 Ned5 21. Bb1 Nxc3 22. Qxc3 Red8 23. Qe3 Qe7 24. cxd6 Rxd6 25. Bd3 e4 26. Bxb5 Rxd1 27. Rxd1 Kh7 28. h3 Rd8 29. Rc1 Qe5 30. Be2 Nd5 31. Qd2 Rd6 32. Rc5 Nf4 33. Qc2 Nxe2+ 34. Qxe2 Qe7 35. Qc4 Rd1+ 36. Kh2 Qd6+ 37. g3 Rd4 38. Qc3 e3 39. Qxe3 Rd1 40. Qe4 f6 41. Rc6 Qd7 42. Rc2 Qd5 43. Qxd5 Rxd5 44. Rc7 Rd2 45. Kg2 Ra2 46. Rxa7 Rd2 47. b5 Rb2 48. a4 Rb4 49. Ra6 Kh8 50. b6 Kg8 51. Ra8+ Kh7 52. a5 Rb5 53. Ra7 h5 54. b7 Rxb7 55. Rxb7 Kh6 56. a6 Kg5 57. h4+ Kxf5 58. a7 Kg6 59. a8Q Kh7 60. Qa2 Kg6 61. Qf7+ Kh7 62. Qxg7# 1-0

[Event "GER-chT Christmas U16 Lasker"]
[Site "Playchess.com INT"]
[Date "2020.12.28"]
[Round "6.3"]
[White "Rath, Mark"]
[Black "Borghini, Antoine"]
[Result "1-0"]
[WhiteElo "1184"]
[BlackElo "1384"]
[PlyCount "57"]
[EventDate "2020.12.28"]
[EventType "team-swiss (blitz)"]
[EventRounds "7"]
[EventCountry "GER"]
[SourceTitle "CBM 200 Extra"]
[Source "ChessBase"]
[SourceDate "2021.03.31"]
[SourceVersion "1"]
[SourceVersionDate "2021.03.31"]
[SourceQuality "1"]
[WhiteTeam "Koeln Porz II"]
[BlackTeam "Bielefeld"]
[WhiteTeamCountry "GER"]
[BlackTeamCountry "GER"]

1. d4 d5 2. c4 e6 3. Bf4 Nf6 4. e3 c5 5. cxd5 Nxd5 6. Bg3 Be7 7. Bc4 Nf6 8. Nc3 Nc6 9. Nge2 cxd4 10. Nxd4 Nxd4 11. Qxd4 Qxd4 12. exd4 Bb4 13. 0-0 0-0 14. a3 Be7 15. Rfe1 a6 16. d5 Re8 17. Rad1 exd5 18. Bxd5 Bf5 19. Bc4 b5 20. Ba2 Bc5 21. b4 Bb6 22. h3 Rac8 23. Nd5 Nxd5 24. Bxd5 h6 25. Bb7 Rxe1+ 26. Rxe1 Rd8 27. Bxa6 Rd3 28. a4 bxa4 29. Bxd3 1-0